Normal view
MARC view
- Abdullah, Asher
Entry Personal Name
001 - CONTROL NUMBER
- control field: 130595
003 - CONTROL NUMBER IDENTIFIER
- control field: NUST
005 - DATE AND TIME OF LATEST TRANSACTION
- control field: 20250923104928.0
008 - FIXED-LENGTH DATA ELEMENTS
- fixed length control field: 250923|| aca||aabn | a|a d
040 ## - CATALOGING SOURCE
- Original cataloging agency: NUST
- Transcribing agency: NUST
100 ## - HEADING--PERSONAL NAME
- Personal name: Abdullah, Asher
670 ## - SOURCE DATA FOUND
- Source citation: Work cat.: (NUST): Abdullah, Asher , Enhanced Heat Transfer in Annular Passages with Tri-Hybrid Nanofluids and Longitudinal Vortex Generators /
